000 01881cam a2200373 a 4500
001 16900121
003 NUST
005 20221117124047.0
008 110802s2011 enk b 001 0deng
010 _a 2011431894
020 _a978-0-19-906477-9(hbk.)
020 _a9781849040495 (pbk.)
040 _aDLC
_cDLC
_dDLC
042 _apcc
043 _aa-bg---
050 0 0 _aDS395.7.A2
_bB67 2011b
082 0 0 _a954.92051, BOS
_223
100 1 _aBose, Sarmila.
_951292
245 1 0 _aDead reckoning :
_bmemories of the 1971 Bangladesh War /
_cSarmila Bose.
260 _aPakistan
_bUnion Enterprises Pub
_c2011.
300 _ax, 239 p. ;
_c23 cm.
505 0 _aIntroduction: Memories in conflict (Page-1), Call to arms : Bengali nationalist rebellion (Page-17),Military inaction : power without responsibility (Page-29),Military action : "Operation Searchlight" in Dhaka (Page-47),Uncivil war : mobs, mutinies, and madness (Page-71),Village of widows : "securing" the countryside (Page-97),Hounding of Hindus : the politics of minority persecution (Page-115),Hit and run : sabotage and retribution (Page-127),Fratricide : death squads at war's end (Page-149),Words and numbers : memories and monstrous fables (Page-161).
650 0 _aCollective memory
_zBangladesh.
_951293
650 0 _aInterviews
_zBangladesh.
_951294
650 0 _aWar victims
_zBangladesh
_vInterviews.
_9102844
650 0 _aInterviews
_zBangladesh.
_951294
650 0 _aBangladesh
_vBiography.
_9102845
650 0 _aWar and society
_zBangladesh
_xHistory
_y20th century.
_9102846
651 0 _aBangladesh
_xHistory
_yRevolution, 1971
_vPersonal narratives.
_9102847
651 0 _aBangladesh
_xHistory
_yRevolution, 1971
_xSocial aspects.
_9102848
906 _a7
_bcbc
_corigcop
_d2
_encip
_f20
_gy-gencatlg
942 _2ddc
_cBK
999 _c592351
_d592351